Southville International School and Colleges
Your cart is empty.
  • Cart
  • Lists
    Public lists Eva Luna New books Lux_list list_1
    Your lists Log in to create your own lists
  • Log in to your account
  • Your cookies
  • Search history
Southville International School and Colleges
  • Advanced search
  • Recent comments
  • Most popular
  • Libraries

Log in to your account

Log in with GOOGLE


If you do not have an external account, but do have a local account, you can still log in:

  1. Home
  2. MARC view: Over 500 fantastic facts /
Normal view MARC view ISBD view

Over 500 fantastic facts / (Record no. 3553)

[ view plain ]
MARC details
000 -LEADER
fixed length control field 00592nam a22002057a 4500
003 - CONTROL NUMBER IDENTIFIER
control field OSt
005 - DATE AND TIME OF LATEST TRANSACTION
control field 20140310181759.0
008 - FIXED-LENGTH DATA ELEMENTS--GENERAL INFORMATION
fixed length control field 130702t xxu||||| |||| 00| 0 eng d
020 ## - INTERNATIONAL STANDARD BOOK NUMBER
International Standard Book Number 9781858300849
050 ## - LIBRARY OF CONGRESS CALL NUMBER
Classification number AG
Item number .M478 1995
082 ## - DEWEY DECIMAL CLASSIFICATION NUMBER
Classification number REF 025.524
Item number R77 1995
245 ## - TITLE STATEMENT
Title Over 500 fantastic facts /
Statement of responsibility, etc Angela Royston.
260 ## - PUBLICATION, DISTRIBUTION, ETC. (IMPRINT)
Place of publication, distribution, etc London :
Name of publisher, distributor, etc Grandreams Limited,
Date of publication, distribution, etc c1995.
300 ## - PHYSICAL DESCRIPTION
Extent 96 p. :
Other physical details ill. col. ;
Dimensions 30 cm. :
520 ## - SUMMARY, ETC.
Summary, etc 1. Information retrieval--Handbooks, manuals, etc.
521 ## - TARGET AUDIENCE NOTE
Target audience note
541 ## - IMMEDIATE SOURCE OF ACQUISITION NOTE
-- 1
562 ## - COPY AND VERSION IDENTIFICATION NOTE
Number of copies 1
942 ## - ADDED ENTRY ELEMENTS (KOHA)
Source of classification or shelving scheme Library of Congress Classification
Koha item type Books
Call number prefix
Holdings
Withdrawn status Lost status Source of classification or shelving scheme Damaged status Home library Current library Shelving location Date acquired Total Checkouts Full call number Barcode Date last seen Copy number Price effective from Koha item type
    Library of Congress Classification   Luxembourg Library Luxembourg Library Reference Section 07/02/2013   AG 195 .M478 1995 2977 08/13/2013 1 07/02/2013 Books

Over 500 fantastic facts /

APA

(1995). Over 500 fantastic facts. London: Grandreams Limited.

Chicago

1995. Over 500 fantastic facts. London: Grandreams Limited.

Harvard

(1995). Over 500 fantastic facts. London: Grandreams Limited.

MLA

Over 500 fantastic facts. London: Grandreams Limited. 1995.

  • Print
  • Cite
  • Add to your cart (remove)
  • Save record
    BIBTEX Dublin Core MARCXML MARC (non-Unicode/MARC-8) MARC (Unicode/UTF-8) MARC (Unicode/UTF-8, Standard) MODS (XML) RIS
  • More searches
    Search for this title in:
    Other Libraries (WorldCat) Other Databases (Google Scholar) Online Stores (Bookfinder.com) Open Library (openlibrary.org)

Exporting to Dublin Core...

SOUTHVILLE LIBRARY

Southville International School and Colleges Library

1281 Tropical Ave. Cor. Luxembourg St., BF Homes International, Las Pinas City

Tel. No. 8256374 / 252358 Loc. 117/146

Powered by Koha